Monk On Riverside 1959-61, vol. 16 (Record n. 100725)

Dettagli MARC
000 -LEADER
fixed length control field 02266njm a2200409Ia 4500
001 - CONTROL NUMBER
control field 25894
003 - CONTROL NUMBER IDENTIFIER
control field IT-RoPAU
005 - DATE AND TIME OF LATEST TRANSACTION
control field 20220918181133.0
008 - FIXED-LENGTH DATA ELEMENTS--GENERAL INFORMATION
fixed length control field 131025s9999 xx 000 0 und d
040 ## - CATALOGING SOURCE
Original cataloging agency IT-RoPAU
040 ## - CATALOGING SOURCE
Transcribing agency IT-RoPAU
999 ## - SYSTEM CONTROL NUMBERS (KOHA)
Koha Dewey Subclass [OBSOLETE] SI
100 ## - MAIN ENTRY--PERSONAL NAME
Personal name Monk Thelonious
9 (RLIN) 14768
100 ## - MAIN ENTRY--PERSONAL NAME
Relator term Autore musica
9 (RLIN) 14769
100 ## - MAIN ENTRY--PERSONAL NAME
Miscellaneous information Codice autore musica SPICS: 10795
9 (RLIN) 14770
245 ## - TITLE STATEMENT
Title Monk On Riverside 1959-61, vol. 16
250 ## - EDITION STATEMENT
Edition statement 2a ed.
260 ## - PUBLICATION, DISTRIBUTION, ETC. (IMPRINT)
Place of publication, distribution, etc. MILANO
260 ## - PUBLICATION, DISTRIBUTION, ETC. (IMPRINT)
Name of publisher, distributor, etc. RIVERSIDE RECORDS
Date of publication, distribution, etc. 1984 [1a Ed.:1959 - Ed. Lingua Orig.: 1959]
300 ## - PHYSICAL DESCRIPTION
Extent DISCO
300 ## - PHYSICAL DESCRIPTION
Dimensions 50 minuti (Testo: pag.)
500 ## - GENERAL NOTE
General note Musica jazz
505 ## - FORMATTED CONTENTS NOTE
Formatted contents note Blue Monk - Ruby, My Dear - Round Lights - Pannonica - Reflections - Bluehawk - Everything Happens To Me [(21/22 ottobre 1959) (6:00)] - You Took the Words Right Out of My Heart (5:00) - I'm Getting Sentimental Over You [(21/22 ottobre 1959) (7:00)] - There's Danger In Your Eyes, Cherie [(21/22 ottobre 1959) (9:00)] - Remember [(21/22 ottobre 1959) (3:00)]
511 ## - PARTICIPANT OR PERFORMER NOTE
Participant or performer note Monk Thelonious: piano
650 ## - SUBJECT ADDED ENTRY--TOPICAL TERM
Topical term or geographic name as entry element JAZZ [DISCHI]
Relator term Codice MATERIA SPICS: 9950
9 (RLIN) 14771
700 ## - ADDED ENTRY--PERSONAL NAME
Personal name Monk Thelonious
Miscellaneous information Codice interprete SPICS: 10795
9 (RLIN) 14772
Relator term Interprete
700 ## - ADDED ENTRY--PERSONAL NAME
Personal name Dennis Matt
Miscellaneous information Codice autore musica SPICS: 23712
Relator term Autore musica
Name of part/section of a work Everything Happens To Me
9 (RLIN) 14773
700 ## - ADDED ENTRY--PERSONAL NAME
Personal name Robin Christian
Miscellaneous information Codice autore musica SPICS: 10583
Relator term Autore musica
Name of part/section of a work You Took the Words Right Out of My Heart
9 (RLIN) 14774
700 ## - ADDED ENTRY--PERSONAL NAME
Personal name Rainger Ralph
Miscellaneous information Codice autore SPICS: 20269
Relator term Autore
Name of part/section of a work You Took the Words Right Out of My Heart
9 (RLIN) 14775
700 ## - ADDED ENTRY--PERSONAL NAME
Personal name Washington
Miscellaneous information Codice autore musica SPICS: 20489
Relator term Autore musica
Name of part/section of a work I'm Getting Sentimental Over You
9 (RLIN) 14776
700 ## - ADDED ENTRY--PERSONAL NAME
Personal name Bassman
Miscellaneous information Codice autore SPICS: 15818
Relator code Autore
Name of part/section of a work I'm Getting Sentimental Over You
9 (RLIN) 14777
700 ## - ADDED ENTRY--PERSONAL NAME
Personal name Richman Bruce
Miscellaneous information Codice autore musica SPICS: 19428
Relator term Autore musica
Name of part/section of a work There's Danger In Your Eyes, Cherie
9 (RLIN) 14778
700 ## - ADDED ENTRY--PERSONAL NAME
Personal name Meskell
Miscellaneous information Codice autore SPICS: 27931
Relator term Autore
Name of part/section of a work There's Danger In Your Eyes, Cherie
9 (RLIN) 14779
700 ## - ADDED ENTRY--PERSONAL NAME
Personal name Wending
Miscellaneous information Codice autore testo/musica SPICS: 27932
Relator code Autore testo/musica
Name of part/section of a work There's Danger In Your Eyes, Cherie
9 (RLIN) 14780
700 ## - ADDED ENTRY--PERSONAL NAME
Personal name Berlin Irving
Miscellaneous information Codice autore musica SPICS: 14042
Relator term Autore musica
Name of part/section of a work Remember
9 (RLIN) 14781
942 ## - ADDED ENTRY ELEMENTS (KOHA)
Koha item type DISCHI
Source of classification or shelving scheme Dewey Decimal Classification
Dati di copia
Withdrawn status Lost status Damaged status Not for loan Home library Current library Date acquired Total Checkouts Full call number Date last seen Price effective from Koha item type Public note
    Buone Condizioni Not For Loan SPICS-MEDIATECA SPICS-MEDIATECA 25/10/2013   25894 25/10/2013 25/10/2013 DISCHI Progr. Ins.: 5767 / N.Vol.: 1 / Copie: 1 - Copia rara: SI / date import: 01.01.2014 - By Epidotti, Trombetti, Vaglietti
CREDITS: SOCIETA' SAN PAOLO Via A.Severo, 58 - ROMA (RM) & PERIODICI SAN PAOLO SRL Via Giotto, 36 MILANO & CISF Via Giotto, 36 MILANO & EDIZIONI SAN PAOLO SRL,  Piazza Soncino, 5 CINISELLO BALSAMO (MI) -- ITALY